Chaco's northern prodigies (Record no. 5996)
[ view plain ]
| 000 -LEADER | |
|---|---|
| fixed length control field | 01881nam a2200397Ia 4500 |
| 001 - CONTROL NUMBER | |
| control field | ebr10275532 |
| 003 - CONTROL NUMBER IDENTIFIER | |
| control field | CaPaEBR |
| 006 - FIXED-LENGTH DATA ELEMENTS--ADDITIONAL MATERIAL CHARACTERISTICS--GENERAL INFORMATION | |
| fixed length control field | m u |
| 007 - PHYSICAL DESCRIPTION FIXED FIELD--GENERAL INFORMATION | |
| fixed length control field | cr cn||||||||| |
| 008 - FIXED-LENGTH DATA ELEMENTS--GENERAL INFORMATION | |
| fixed length control field | 080208s2008 utuab sb 101 0 eng d |
| 010 ## - LIBRARY OF CONGRESS CONTROL NUMBER | |
| Canceled/invalid LC control number | 2008005508 |
| 020 ## - INTERNATIONAL STANDARD BOOK NUMBER | |
| Cancelled/invalid ISBN | 9780874809251 (cloth : alk. paper) |
| Cancelled/invalid ISBN | 0874809258 (cloth : alk. paper) |
| 040 ## - CATALOGING SOURCE | |
| Original cataloging agency | CaPaEBR |
| Transcribing agency | CaPaEBR |
| 035 ## - SYSTEM CONTROL NUMBER | |
| System control number | (OCoLC)503441320 |
| 050 14 - LIBRARY OF CONGRESS CALL NUMBER | |
| Classification number | E78.N65 |
| Item number | S325 2004eb |
| 111 2# - MAIN ENTRY--MEETING NAME | |
| Meeting name or jurisdiction name as entry element | Salmon Working Conference |
| Date of meeting | (2004 : |
| Location of meeting | Farmington, N.M.) |
| 245 10 - TITLE STATEMENT | |
| Title | Chaco's northern prodigies |
| Medium | [electronic resource] : |
| Remainder of title | Salmon, Aztec, and the ascendancy of the middle San Juan region after AD 1100 / |
| Statement of responsibility, etc | edited by Paul F. Reed. |
| 260 ## - PUBLICATION, DISTRIBUTION, ETC. (IMPRINT) | |
| Place of publication, distribution, etc | Salt Lake City : |
| Name of publisher, distributor, etc | University of Utah Press, |
| Date of publication, distribution, etc | c2008. |
| 300 ## - PHYSICAL DESCRIPTION | |
| Extent | xiv, 441 p. : |
| Other physical details | ill., maps. |
| 500 ## - GENERAL NOTE | |
| General note | Proceedings of the Salmon Working Conference held in Farmington, New Mexico, in April 2004. |
| 504 ## - BIBLIOGRAPHY, ETC. NOTE | |
| Bibliography, etc | Includes bibliographical references (p. 389-427) and index. |
| 533 ## - REPRODUCTION NOTE | |
| Type of reproduction | Electronic reproduction. |
| Place of reproduction | Palo Alto, Calif. : |
| Agency responsible for reproduction | ebrary, |
| Date of reproduction | 2009. |
| Note about reproduction | Available via World Wide Web. |
| -- | Access may be limited to ebrary affiliated libraries. |
| 650 #0 - SUBJECT ADDED ENTRY--TOPICAL TERM | |
| Topical term or geographic name as entry element | Pueblo Indians |
| Geographic subdivision | New Mexico |
| General subdivision | Antiquities |
| Form subdivision | Congresses. |
| Topical term or geographic name as entry element | Pueblo Indians |
| General subdivision | Material culture |
| Geographic subdivision | New Mexico |
| Form subdivision | Congresses. |
| Topical term or geographic name as entry element | Excavations (Archaeology) |
| Geographic subdivision | New Mexico |
| Form subdivision | Congresses. |
| Topical term or geographic name as entry element | Pueblo pottery |
| Geographic subdivision | New Mexico |
| Form subdivision | Congresses. |
| Topical term or geographic name as entry element | Plant remains (Archaeology) |
| Geographic subdivision | New Mexico |
| Form subdivision | Congresses. |
| 651 #0 - SUBJECT ADDED ENTRY--GEOGRAPHIC NAME | |
| Geographic name | Salmon Site (N.M.) |
| Form subdivision | Congresses. |
| Geographic name | Aztec Ruins National Monument (N.M.) |
| Geographic name | San Juan River Valley (Colo.-Utah) |
| General subdivision | Antiquities. |
| 655 #7 - INDEX TERM--GENRE/FORM | |
| Genre/form data or focus term | Electronic books. |
| Source of term | local |
| 700 1# - ADDED ENTRY--PERSONAL NAME | |
| Personal name | Reed, Paul F. |
| 710 2# - ADDED ENTRY--CORPORATE NAME | |
| Corporate name or jurisdiction name as entry element | ebrary, Inc. |
| 856 40 - ELECTRONIC LOCATION AND ACCESS | |
| Uniform Resource Identifier | <a href="http://site.ebrary.com/lib/rucke/Doc?id=10275532">http://site.ebrary.com/lib/rucke/Doc?id=10275532</a> |
| Public note | An electronic book accessible through the World Wide Web; click to view |
No items available.
